000 006900000a22001570004500
090 _aT Or68p
100 1 _aOrozco, Margarita
245 1 0 _aUna propuesta para el desarrollo del autoconcepto de la mujer en la cultura costeña / Margarita Orozco
260 _aMedellín, Colombia
300 _a99 Pag
500 _aTesis (licenciatura)--Seminario Bíblico de Colombia
502 _aPresidente del jurado: Elizabeth de Sendek; Jurado: Jeannine Brabon; Jurado: Almira Valdéz
520 _a- La mujer en el contexto cultural costeño - Anális del autoconcepto de la mujer a partir de historias de vida - Una propuesta para el crecimiento en el autoconcepto
001 4144
942 _cBK
999 _c34757
_d34757